2019 Top 10 NBA Point Guards - Statistics

General Stats
  • This quiz has been taken 349 times
    287 since last reset
  • The average score is 7 of 10
Answer Stats
Rank Player % Correct
1 Stephen Curry
98%
4 Russell Westbrook
84%
9 Chris Paul
81%
3 Kyrie Irving
78%
2 Damian Lillard
71%
10 Kyle Lowry
55%
7 Trae Young
51%
6 Ben Simmons
48%
5 Kemba Walker
48%
8 Jamal Murray
37%
No matching quizzes found
Score Distribution
Percent of People with Each Score
Percentile by Number Answered
Your Score History
You have not taken this quiz since the last reset